Loading...
| Mythology | 0 | 5 | 0 | 1 | 50 | 91 | 121.40 | 3 | 5 |
| Literature - American Literature | 0 | 4 | 1 | 2 | 35 | 141 | 150.75 | 0 | 4 |
| History - European History | 0 | 3 | 0 | 0 | 30 | 98 | 110.33 | 0 | 3 |
| Literature - British Literature | 0 | 3 | 1 | 0 | 25 | 121 | 130.00 | 1 | 3 |
| Literature - World Literature | 0 | 3 | 1 | 1 | 25 | 101 | 127.00 | 0 | 3 |
| Fine Arts - Auditory Fine Arts | 0 | 2 | 0 | 1 | 20 | 105 | 134.50 | 1 | 2 |
| Other Academic | 1 | 0 | 0 | 0 | 15 | 47 | 47.00 | 1 | 1 |
| Philosophy | 0 | 2 | 1 | 1 | 15 | 121 | 136.50 | 0 | 2 |
| Fine Arts - Visual Fine Arts | 1 | 1 | 2 | 1 | 15 | 79 | 118.00 | 2 | 2 |
| Current Events | 0 | 1 | 0 | 1 | 10 | 139 | 139.00 | 0 | 1 |
| History - Ancient History | 0 | 3 | 4 | 2 | 10 | 85 | 122.67 | 0 | 3 |
| Literature - European Literature | 0 | 2 | 2 | 0 | 10 | 91 | 110.50 | 1 | 2 |
| Religion | 0 | 2 | 2 | 0 | 10 | 116 | 127.50 | 1 | 2 |
| Science - Chemistry | 0 | 1 | 0 | 0 | 10 | 140 | 140.00 | 0 | 1 |
| Science - Other Science | 0 | 1 | 0 | 0 | 10 | 105 | 105.00 | 0 | 1 |
| Social Science | 0 | 1 | 1 | 1 | 5 | 134 | 134.00 | 0 | 1 |
| Science - Biology | 0 | 0 | 1 | 0 | -5 | 0.00 | 0 | 0 | |
| History - American History | 0 | 0 | 1 | 0 | -5 | 0.00 | 0 | 0 | |
| Geography | 0 | 0 | 2 | 0 | -10 | 0.00 | 0 | 0 | |
| History - World History | 0 | 0 | 3 | 0 | -15 | 0.00 | 0 | 0 |